000 01630nam a2200289 a 4500
001 ASIN303768092X
003 OSt
005 20180116192417.0
008 130726s2011 xxu eng d
020 _a303768092X (hardcover)
_c$99.95
020 _a9783037680926 (hardcover)
040 _c00
050 0 4 _aNA2794
082 0 4 _a729.28
100 1 _aUffelen, Chris van.
_96804
245 1 0 _aLight in architecture /
_cChris van Uffelen.
260 _a :
_bBraun Publish,Csi,
_c2012.
300 _a424 p. ;
_c31 cm.
490 1 _aArchitecture in focus.
520 _aLight is the prerequisite for spatial perception, which is why it is an integral component of architecture. Light design in architecture has become more lively and also more colourful in the last few years. The projects selected here show how good architecture is improved with the right light. With interior design, the purpose of the introduction of natural light and the use of artificial light is to create a spatial experience: certain areas are accentuated, spatial units are defined and differing atmospheres are established. Illumination also plays a role with exteriors, not just at night. In addition to the form emphasizing role of light, a striking illumination can lend the building an emblematic uniqueness.
650 0 _aLight in architecture
_96805
650 0 _aLighting, Architectural and decorative
_96806
830 0 _aArchitecture in focus.
_96807
856 4 0 _3Amazon.com
_uhttp://www.amazon.com/exec/obidos/ASIN/303768092X/chopaconline-20
942 _2ddc
_cBK
999 _c353761
_d353761